000 00866nam a2200301Ia 4500
003 OSt
005 20220912145119.0
006 a|||||r|||| 00| 0
007 ta
008 220909b |||||||| |||| 00| 0 eng d
020 _a1405118822 (hbd)
024 _a77044
037 _b1743, 22/03/2007, The Book Seller
037 _cTextual
040 _aCSL
_beng
_cCSL
041 _aeng
082 _aG1125, P5
100 _aMoller Simon Geir Ed.
245 0 _aPlastids
260 _aAustralia
_bBlackwell Publishing Ltd
_c2005
300 _axiii, 330p.
_ccm.
490 _aAnnual plant reviews; 13
500 _aIncludes bibliographical references.; Index 321-330p.
650 _a Plastids
650 _aBiology
942 _hG1125, P5
_cTEXL
_2CC
999 _c23603
_d23603